Enfoque estratégico centroamericano sobre reconstrucción y transformación desde la sociedad civil organizada nacional y regionalmente: reconstrucción y desarrollo de Centroamérica post Mitch

Guardat en:
Dades bibliogràfiques
Autor corporatiu: Coordinadora Regional de Investigaciones Económicas y Sociales
Format: Desconegut
Publicat: Managua: CRIES
Matèries:
Etiquetes: Afegir etiqueta
Sense etiquetes, Sigues el primer a etiquetar aquest registre!

MARC

LEADER 00000 a2200000 04500
001 18501
003
008 991231s d
040
090 |a 143404  
110 |a Coordinadora Regional de Investigaciones Económicas y Sociales  
245 |a Enfoque estratégico centroamericano sobre reconstrucción y transformación desde la sociedad civil organizada nacional y regionalmente: reconstrucción y desarrollo de Centroamérica post Mitch  
260 |a Managua:   |b CRIES  
650 |a DESARROLLO ECONOMICO Y SOCIAL  
650 |a DESASTRES NATURALES  
650 |a INFRAESTRUCTURA ECONOMICA  
650 |a RECONSTRUCCION DE LA ECONOMIA  
650 |a TRANSPORTE  
650 |a SOCIEDAD CIVIL  
999 |c 10507  |d 10507